000 00353 a2200109 4500
001 ART_27798
005 20260410161949.0
008 260409a
245 1 0 _aEl ser humano y la moral, en el clima "light"de la posmodernidad, según Vattimo
100 1 _aDarós, Willam R.
773 0 _tInvenio
_g- Año 1, Nº 2 (nov. 1998)
_wREV27781
999 _c30231
_d30231